Inequality, development, and the rising democracies of the Global South/
Guardado en:
| 主要作者: | |
|---|---|
| 格式: | 圖書 |
| 語言: | English |
| 標簽: |
添加標簽
沒有標簽, 成為第一個標記此記錄!
|
MARC
| LEADER | 00000nam a22000007a 4500 | ||
|---|---|---|---|
| 003 | cru CIDCACS/IIS | ||
| 005 | 20171130093120.0 | ||
| 007 | ta | ||
| 008 | 171130s2015 -uk|||p|r||||||0| ||eng d | ||
| 999 | |c 40677 |d 40677 | ||
| 040 | |c cru CIDCACS/IIS | ||
| 100 | 1 | |9 6157 |a Schulz, Markus S. | |
| 245 | 1 | |a Inequality, development, and the rising democracies of the Global South/ |c Markus S. Schulz | |
| 300 | |a páginas 261-279 | ||
| 773 | 0 | |0 18701 |9 1658 |d Los Angeles: SAGE Publications |o 18369 |t Current Sociology / |x 00113921 | |
| 942 | |2 ddc |c PP | ||
